000 00676nam a2200241Ia 4500
003 OSt
005 20220918224127.0
006 a|||||r|||| 00| 0
007 ta
008 220917b |||||||| |||| 00| 0 eng d
024 _a226,808
037 _cTextual
040 _aARTS
_cARTS
_beng
041 _2eng
_aeng
082 _aO157,3M76x, 111P5
100 _aChattopadhyay Sarat Chandra
_9147292
245 0 _aSarat Chandra omnibus
260 _aNew Delhi
_bPenguin Books Pvt. Ltd.
_c2005
300 _a738p.
_ccm.
650 _aENGLISH LITERATURE
942 _hO157,3M76x, 111P5
_cTEXL
_2CC
999 _c280316
_d280316